John Gregory Dunne /

Bibliographic Details
Main Author: Winchell, Mark Royden, 1948-
Format: Book
Language:English
Published: Boise, Idaho : Boise State University : Order from BSU Bookstore, [1986]
Series:Boise State University western writers series ; no. 76.
Subjects:

MARC

Tag First Indicator Second Indicator Subfields
LEADER 00000cam a2200000 a 4500
001 in00000008535
005 20151003070016.0
008 860311s1986 idu b s00010 eng
010 |a  86070655  
020 |a 0884300757 (pbk.):  |c $2.95 
035 |a (OCoLC)14712709 
035 |9 AAA0929AM 
040 |a DLC  |c DLC  |d TXA  |d UtOrBLW 
043 |a n-us-ca 
050 0 0 |a PS3554.U493  |b Z93 1986 
082 0 |a 812/.54  |2 19 
100 1 |a Winchell, Mark Royden,  |d 1948- 
245 1 0 |a John Gregory Dunne /  |c by Mark Royden Winchell. 
264 1 |a Boise, Idaho :  |b Boise State University :  |b Order from BSU Bookstore,  |c [1986] 
264 4 |c ©1986 
300 |a 53 pages ;  |c 21 cm. 
336 |a text  |b txt  |2 rdacontent 
337 |a unmediated  |b n  |2 rdamedia 
338 |a volume  |b nc  |2 rdacarrier 
490 1 |a Boise State University Western writers series ;  |v no. 76 
504 |a Bibliography: pages 51-53. 
600 1 0 |a Dunne, John Gregory,  |d 1932-2003  |x Criticism and interpretation. 
650 0 |a California in literature. 
830 0 |a Boise State University western writers series ;  |v no. 76. 
999 |a MARS 
999 f f |s d6a2f276-552a-3739-9f77-946000615527  |i 37d0337d-e0e8-3e7a-b89d-11297f2d11e3  |t 0 
952 f f |p ric  |a Texas A&M University  |b Rellis Campus  |c Joint Library Facility  |d Remote Storage  |t 0  |e PS3554.U493 Z93 1986  |h Library of Congress classification  |i unmediated -- volume  |m A14812615834 
998 f f |a PS3554.U493 Z93 1986  |t 0  |l Remote Storage